000 00999nam a22002177a 4500
003 BD-DhJNU
005 20260513041022.0
008 260513b |||||||| |||| 00| 0 eng d
020 _a9789849716143
040 _aBD-DhJNU
_bBEN
_cBD-DhJNU
_dBD-DhJNU
082 _223
_a954.92
100 _aইমাম, জাহানারা
242 _aThe days of 1971 /
_cJahanara Imam
245 _aএকাত্তরের দিনগুলি /
_cজাহানারা ইমাম
260 _aঢাকা :
_bচারুলিপি প্রকাশন,
_c2024.
300 _a৩১২ পৃ. :
_bচিত্র ;
_c২২ সেমি.।
504 _aগ্রন্থপঞ্জিগত নির্দেশিকা ও নিঘন্ট অন্তভূক্ত
650 _aবাংলা সাহিত্য -- মুক্তিযুদ্ধ
650 _aবাংলাদেশের স্বাধীনতার ইতিহাস
942 _2ddc
_cBK
_n0
999 _c2793
_d2793